The origins of Japanese trade supremacy : Development and technology in Asia from 1540 to the Pacific War
Tells us the development, commercer, and technology in Asia from 1540 to the Pacific war
Na minha lista:
| Autor principal: | |
|---|---|
| Formato: | Livro |
| Idioma: | Undetermined |
| Publicado em: |
London
Hurst & Company
1996
|
| Assuntos: | |
| Tags: |
Adicionar Tag
Sem tags, seja o primeiro a adicionar uma tag!
|
| Thư viện lưu trữ: | Trung tâm Học liệu Trường Đại học Cần Thơ |
|---|
| LEADER | 00848nam a2200241Ia 4500 | ||
|---|---|---|---|
| 001 | CTU_219899 | ||
| 008 | 210402s9999 xx 000 0 und d | ||
| 020 | |c 75 | ||
| 082 | |a 382.0952 | ||
| 082 | |b H855 | ||
| 100 | |a Howe, Christopher | ||
| 245 | 4 | |a The origins of Japanese trade supremacy : | |
| 245 | 0 | |b Development and technology in Asia from 1540 to the Pacific War | |
| 245 | 0 | |c Christopher Howe | |
| 260 | |a London | ||
| 260 | |b Hurst & Company | ||
| 260 | |c 1996 | ||
| 520 | |a Tells us the development, commercer, and technology in Asia from 1540 to the Pacific war | ||
| 650 | |a Japan,Nhật Bản,Technology,Công nghệ | ||
| 650 | |x Commerce,History,Thương mại,Lịch sử,History,Lịch sử | ||
| 650 | |z Japan,Nhật Bản | ||
| 904 | |i Nguyên | ||
| 980 | |a Trung tâm Học liệu Trường Đại học Cần Thơ | ||